ICT literacy competencies among rural and urban students : (Record no. 38461)

MARC details
000 -LEADER
fixed length control field 00635nam a22001457a 4500
082 ## - DEWEY DECIMAL CLASSIFICATION NUMBER
Classification number RK 0343
100 ## - MAIN ENTRY--AUTHOR NAME
Personal name Kumar, Sampath B.T.
Affiliation Department of studies and research in Library and Information science Tumkur University
Place Karnataka
245 ## - TITLE STATEMENT
Title ICT literacy competencies among rural and urban students :
Sub Title the digital divide /
Statement of responsibility, etc B.T. Sampath Kumar
260 ## - PUBLICATION, DISTRIBUTION, ETC. (IMPRINT)
Place of publication Tumakuru, Karnataka :
Name of publisher/Sponsor Indian council of social science research,
Year of publication 2015.
300 ## - PHYSICAL DESCRIPTION
Number of Pages 198p.
500 ## - GENERAL NOTE
General note Includes bibliography and appendices.
546 ## - LANGUAGE NOTE
Language note English
650 ## - SUBJECT ADDED ENTRY--TOPICAL TERM
Topical Term Information and communication technology literacy
Geographic subdivision Karnataka , India
942 ## - ADDED ENTRY ELEMENTS (KOHA)
Source of classification or shelving scheme Dewey Decimal Classification
Koha item type Research Reports
Holdings
Withdrawn status Lost status Damaged status Not for loan Collection code Home library Current library Date acquired Source of acquisition Full call number Accession Number Price effective from Koha item type
      Not For Loan Major Research Project Reports NASSDOC Library NASSDOC Library 16/06/2023 Research Report Division RK 0343 53762 16/06/2023 Research Reports